000 00804nam a2200265Ia 4500
003 OSt
005 20220928114720.0
006 a|||||r|||| 00| 0
007 ta
008 220927b |||||||| |||| 00| 0 eng d
020 _c1110.759
024 _a111323
037 _b262, 23/02/2011, Pioneer Book Distributors
_cTextual
040 _aSDCL
_cSDCL
_beng
041 _2eng
_aeng
082 _aR3xL24, Q1
100 _aDudley Will Ed.
_9440536
245 0 _aImmanuel kant
_b Key concepts.
260 _aDurham
_bAcumen
_c2011
300 _ax,237p.
_ccm.
650 _aPhilosophy
700 _a Engelhard Kristina Ed.
_9440537
942 _hR3xL24, Q1
_cTEXL
_2CC
999 _c756104
_d756104